000 00876nam a2200289 a 4500
001 000110521
003 CHAP
005 20220329144137.0
008 140908s2009 mx a |r| |||0|||spa d
010 _a106983
011 _a107955
020 _a9786077630302
040 _cCHAP
082 0 4 _a925.2
_bR69
100 1 _aRodríguez Jorge, Luis Felipe
_9127847
245 1 0 _aGalileo :
_bSu tiempo, su obra y su legado /
_cCompilado por Luis Felipe Rodriguez Jorge y Silvia Torres Castilleja.
260 _aMéxico, D.F. :
_bEl Colegio Nacinal,
_c2009.
300 _a394 p. :
_bil.
590 _aE5652GLJ
_b05
_c20140908
_lUCH01
_h1002
590 _aE5652GLJ
_b05
_c20140908
_lUCH01
_h1115
650 1 4 _aAstronomía.
_98199
650 1 4 _aCiencia
_xFilosofía.
_923124
700 1 _aTorres Castilleja, Silvia
_ecomp.
_9128316
901 _aBK
942 _cLIBRO
942 _n0
999 _c106983
_d106983